Statistics for Numbers in Different Languages

Click here to take the quiz!

General Stats

  • This quiz has been taken 54 times
    (39 since last reset)
  • The average score is 37 of 55

Answer Stats

#LinguaName% Correct
1Frenchun
100%
1Italian | Spanishuno
97%
3Italiantre
97%
3Spanishtres
97%
3Latintres*tria
97%
5Germanfünf
94%
2Spanishdos
90%
6Italiansei
90%
3Germandrei
90%
1Germaneins
87%
2Frenchdeux
87%
2Germanzwei
87%
8Germanacht
84%
4Italianquattro
84%
0Frenchzéro
84%
4Germanvier
84%
3Frenchtrois
84%
5Frenchcinq
84%
0Italianzero
84%
5Spanishcinco
81%
6Germansechs
81%
4Frenchquatre
81%
7Frenchsept
77%
4Spanishcuatro
77%
7Germansieben
77%
10Frenchdix
74%
8Spanishocho
74%
8Frenchhuit
71%
9Germanneun
71%
6Frenchsix
71%
6Spanishseis
71%
2Italiandue
71%
9Frenchneuf
68%
9Spanishnueve
68%
10Germanzehn
68%
10Spanishdiez
65%
7Italiansette
65%
8Italianotto
61%
9Italiannove
61%
0Germannull
61%
7Spanishsiete
61%
5Italiancinque
58%
0Spanishcero
58%
10Italiandieci
42%
6Latinsex
42%
2Latinduo*ae*o
39%
1Latinunus*a*um
29%
8Latinocto
29%
9Latinnovem
19%
7Latinseptem
16%
10Latindecem
16%
0Latinnihil
13%
5Latinquinque
13%
4Latinquattuor
10%

Score Distribution

Percentile by Number Answered

Percent of People with Each Score

Your Score History

You have not taken this quiz since the last reset